Encyclopaedia of dates and events / (Record no. 135865)
[ view plain ]
| 000 -LEADER | |
|---|---|
| fixed length control field | 00850nam a22002657a 4500 |
| 005 - DATE AND TIME OF LATEST TRANSACTION | |
| control field | 20170124110251.0 |
| 010 ## - LIBRARY OF CONGRESS CONTROL NUMBER | |
| LC control number | 522682 |
| 020 ## - INTERNATIONAL STANDARD BOOK NUMBER | |
| Terms of availability | 00.00 |
| International Standard Book Number | 340059478 |
| 035 ## - SYSTEM CONTROL NUMBER | |
| System control number | 522682 |
| 037 ## - SOURCE OF ACQUISITION | |
| Source of stock number/acquisition | Cen Lib/Ret |
| 040 ## - CATALOGING SOURCE | |
| Original cataloging agency | DPL |
| Language of cataloging | EN |
| 082 ## - DEWEY DECIMAL CLASSIFICATION NUMBER | |
| Classification number | 902 |
| Item number | PAS |
| 100 ## - MAIN ENTRY--PERSONAL NAME | |
| Personal name | Pascoe, L.C. |
| 9 (RLIN) | 98920 |
| 245 ## - TITLE STATEMENT | |
| Title | Encyclopaedia of dates and events / |
| Statement of responsibility, etc | by L.C. Pascoe, A.J. Lee [and] E.S. Jenkins |
| 260 ## - PUBLICATION, DISTRIBUTION, ETC. (IMPRINT) | |
| Place of publication, distribution, etc | London |
| Name of publisher, distributor, etc | The English University Press |
| Date of publication, distribution, etc | 1968 |
| 270 ## - ADDRESS | |
| City | London |
| Address | St Paul's house warwick lane |
| 300 ## - PHYSICAL DESCRIPTION | |
| Extent | 774p. |
| Dimensions | 15cm(Hb) |
| 490 ## - SERIES STATEMENT | |
| Series statement | The teach yourself |
| 500 ## - GENERAL NOTE | |
| General note | Includes index |
| 650 ## - SUBJECT ADDED ENTRY--TOPICAL TERM | |
| Topical term or geographic name as entry element | Dates and events -- History -- Encyclopaedia |
| 9 (RLIN) | 98921 |
| 650 ## - SUBJECT ADDED ENTRY--TOPICAL TERM | |
| Topical term or geographic name as entry element | Dates and events -- Encyclopaedia |
| 9 (RLIN) | 98922 |
| 700 ## - ADDED ENTRY--PERSONAL NAME | |
| Personal name | Lee , A.J. |
| 9 (RLIN) | 98923 |
| 700 ## - ADDED ENTRY--PERSONAL NAME | |
| Personal name | Jenkins, E.S. |
| 9 (RLIN) | 98924 |
| 942 ## - ADDED ENTRY ELEMENTS (KOHA) | |
| Source of classification or shelving scheme | Dewey Decimal Classification |
| Koha item type | English Books |
| Classification part | 902 |
| Call number suffix | PAS |
| Withdrawn status | Lost status | Damaged status | Not for loan | Collection code | Home library | Current library | Date acquired | Source of acquisition | Cost, normal purchase price | Total Checkouts | Full call number | Barcode | Date last seen | Copy number | Cost, replacement price | Price effective from | Koha item type |
|---|---|---|---|---|---|---|---|---|---|---|---|---|---|---|---|---|---|
| Not For Loan | Reference | Central Library | Central Library | 08/10/2015 | Cen Lib/Ret | 0.00 | 902 PAS | 522682 | 08/10/2015 | 1 | 0.00 | 08/10/2015 | English Books |
